000 00279nam a2200121Ia 4500
008 190216s9999||||xx |||||||||||||| ||und||
100 _aSudeesh Sharan
245 0 _aHindi-Kargil Ke Shahid
260 _bAdhunik Prakashan
_c2012
300 _a144
650 _aHindi
942 _cBK
999 _c16846
_d16846